Pre-harvest technology; បច្ចេកវិទ្យាមុនប្រមូលផល (Record no. 9407)
[ view plain ]
| 000 -LEADER | |
|---|---|
| fixed length control field | 00304nam a22001097a 4500 |
| 040 ## - CATALOGING SOURCE | |
| Transcribing agency | SK |
| 082 ## - DEWEY DECIMAL CLASSIFICATION NUMBER | |
| Classification number | 574 |
| 100 ## - MAIN ENTRY--AUTHOR NAME | |
| Personal name | សួស ចំណាន |
| 245 ## - TITLE STATEMENT | |
| Title | Pre-harvest technology; បច្ចេកវិទ្យាមុនប្រមូលផល |
| 260 ## - PUBLICATION, DISTRIBUTION, ETC. (IMPRINT) | |
| Place of publication | RUA |
| Name of publisher | សួស |
| Year of publication | 2011 |
| 942 ## - ADDED ENTRY ELEMENTS (KOHA) | |
| Koha item type | សៀវភៅភាសាខ្មែរ |
| 952 ## - LOCATION AND ITEM INFORMATION (KOHA) | |
| Withdrawn status [LOCAL, KOHA] | 0 |
| Permanent Location | Date acquired | Koha item type | Lost status | Shelving location | Barcode | Current Location | Full call number |
|---|---|---|---|---|---|---|---|
| Library Block C | 2016-09-01 | សៀវភៅភាសាខ្មែរ | C163 | RUA043114 | Library Block C | 574 សួស 2011 C163 |